| 000 | 00416nam a22001577a 4500 | ||
|---|---|---|---|
| 999 |
_c12005 _d12005 |
||
| 008 | 211103b ||||| |||| 00| 0 eng d | ||
| 020 | _a9788184955699 | ||
| 082 |
_a310 _bNAT |
||
| 100 | _aNatarajan, N.K. | ||
| 245 | _aSSB interview : the complete guide | ||
| 260 |
_aMumbai _bJaico publishing house _c2016 |
||
| 300 | _avii, 343p. | ||
| 650 | _aSSB Interview | ||
| 650 | _aServices Selection Board | ||
| 942 | _cGB | ||